Guess the Fusion Rock Song Lyrics #364 - Statistics

General Stats
  • This quiz has been taken 13 times
  • The average score is 135 of 182
Answer Stats
Answer % Correct
A
100%
a
100%
I
100%
me
100%
my
100%
you
100%
it
91%
That
91%
The
91%
the
91%
this
91%
to
91%
To
91%
too
91%
wish
91%
all
82%
and
82%
But
82%
Christmas
82%
Eve
82%
for
82%
I'm
82%
is
82%
Merry
82%
on
82%
On
82%
We're
82%
were
82%
When
82%
with
82%
could
73%
every
73%
Happy
73%
in
73%
I've
73%
just
73%
new
73%
New
73%
one
73%
see
73%
Year
73%
can
64%
day
64%
that's
64%
always
55%
Carpenters
55%
dream
55%
have
55%
say
55%
There's
55%
are
45%
been
45%
darling
45%
dreams
45%
holiday
45%
near
45%
something
45%
special
45%
apart
36%
Fill
36%
fire
36%
make
36%
desire
27%
lights
27%
still
27%
through
27%
tree
27%
true
27%
Holidays
18%
joyful
18%
Logs
18%
cards
9%
rush
9%
sent
9%
Christmasing
0%
Greeting
0%
No matching quizzes found
Score Distribution
Percent of People with Each Score
Percentile by Number Answered
Your Score History
You have not taken this quiz